[Event "DEM U18w 2024"]
[Site "Willingen GER"]
[Date "2024.05.19"]
[Round "1"]
[White "Wagner, Margarethe"]
[Black "Nguyen, Jenny Ha-Linh"]
[Result "1-0"]
[Termination "normal"]
[Board "1"]
[WhiteElo "2009"]
[BlackElo "1787"]
[WhiteClock "00:22:13"]
[BlackClock "00:27:47"]
[PlyCount "85"]
[WhiteFideId "16236947"]
[BlackFideId "16209729"]
[EventCountry "GER"]
[EventRounds "9"]
[EventType "swiss"]
[EventDate "2024.05.18"]

1. e4 {[%clk 01:30:58]} e6 {[%clk 01:30:55]} {[%emt 00:00:06]} 2. d4 {[%clk
01:31:21]} {[%emt 00:00:06]} d5 {[%clk 01:31:20]} {[%emt 00:00:05]} 3. e5
{[%clk 01:31:45]} {[%emt 00:00:06]} c5 {[%clk 01:31:36]} {[%emt 00:00:15]} 4.
c3 {[%clk 01:32:08]} {[%emt 00:00:06]} Bd7 {[%clk 01:31:41]} {[%emt 00:00:26]}
5. Nf3 {[%clk 01:32:09]} {[%emt 00:00:29]} Qb6 {[%clk 01:31:20]} {[%emt
00:00:51]} 6. Be2 {[%clk 01:29:14]} {[%emt 00:03:24]} cxd4 {[%clk 01:29:53]}
{[%emt 00:01:57]} 7. cxd4 {[%clk 01:25:44]} {[%emt 00:04:00]} Bb5 {[%clk
01:28:08]} {[%emt 00:02:16]} 8. O-O {[%clk 01:16:05]} {[%emt 00:10:08]} Bxe2
{[%clk 01:17:08]} {[%emt 00:11:30]} 9. Qxe2 {[%clk 01:14:15]} {[%emt 00:02:21]}
Ne7 {[%clk 01:15:59]} {[%emt 00:01:40]} 10. Na3 {[%clk 01:06:17]} {[%emt
00:08:27]} a6 {[%clk 01:07:49]} {[%emt 00:08:40]} 11. h4 {[%clk 00:53:29]}
{[%emt 00:13:17]} Nf5 {[%clk 01:06:36]} {[%emt 00:01:44]} 12. Nc2 {[%clk
00:53:47]} {[%emt 00:00:11]} Nc6 {[%clk 01:06:34]} {[%emt 00:00:32]} 13. Rd1
{[%clk 00:51:24]} {[%emt 00:02:53]} h6 {[%clk 00:48:23]} {[%emt 00:18:41]} 14.
h5 {[%clk 00:42:31]} {[%emt 00:09:23]} O-O-O {[%clk 00:28:55]} {[%emt
00:19:59]} 15. b3 {[%clk 00:24:38]} {[%emt 00:18:23]} Kb8 {[%clk 00:25:49]}
{[%emt 00:03:35]} 16. Bb2 {[%clk 00:16:43]} {[%emt 00:08:25]} Na7 {[%clk
00:18:26]} {[%emt 00:07:54]} 17. Ne3 {[%clk 00:14:51]} {[%emt 00:02:21]} Nxe3
{[%clk 00:18:24]} {[%emt 00:00:31]} 18. Qxe3 {[%clk 00:14:45]} {[%emt
00:00:37]} Be7 {[%clk 00:17:58]} {[%emt 00:00:56]} 19. Qf4 {[%clk 00:10:38]}
{[%emt 00:04:36]} Rhf8 {[%clk 00:17:26]} {[%emt 00:01:03]} 20. Rac1 {[%clk
00:09:05]} {[%emt 00:02:03]} Nc6 {[%clk 00:15:52]} {[%emt 00:02:04]} 21. Qg3
{[%clk 00:06:40]} {[%emt 00:02:55]} Rg8 {[%clk 00:15:37]} {[%emt 00:00:45]} 22.
Ne1 {[%clk 00:06:04]} {[%emt 00:01:06]} Ka8 {[%clk 00:13:18]} {[%emt 00:02:49]}
23. a3 {[%clk 00:02:50]} {[%emt 00:03:45]} Qa5 {[%clk 00:10:07]} {[%emt
00:03:40]} 24. Nd3 {[%clk 00:01:42]} {[%emt 00:01:39]} Rc8 {[%clk 00:07:47]}
{[%emt 00:02:50]} 25. Nc5 {[%clk 00:01:32]} {[%emt 00:00:40]} Qb6 {[%clk
00:07:17]} {[%emt 00:01:00]} 26. Qf3 {[%clk 00:01:36]} {[%emt 00:00:26]} Nxe5
{[%clk 00:04:41]} {[%emt 00:03:06]} 27. Qf4 {[%clk 00:00:56]} {[%emt 00:01:09]}
Bd6 {[%clk 00:04:15]} {[%emt 00:00:56]} 28. dxe5 {[%clk 00:01:00]} {[%emt
00:00:26]} Bxc5 {[%clk 00:04:42]} {[%emt 00:00:04]} 29. b4 {[%clk 00:01:04]}
{[%emt 00:00:27]} Rgf8 {[%clk 00:03:47]} {[%emt 00:01:24]} 30. Rd2 {[%clk
00:00:57]} {[%emt 00:00:36]} Be7 {[%clk 00:02:18]} {[%emt 00:02:00]} 31. Rxc8+
{[%clk 00:01:15]} {[%emt 00:00:12]} Rxc8 {[%clk 00:02:45]} {[%emt 00:00:02]}
32. Qxf7 {[%clk 00:01:37]} {[%emt 00:00:08]} Bg5 {[%clk 00:02:43]} {[%emt
00:00:32]} 33. Bd4 {[%clk 00:01:08]} {[%emt 00:01:00]} Qc6 {[%clk 00:02:24]}
{[%emt 00:00:49]} 34. Rd1 {[%clk 00:01:13]} {[%emt 00:00:24]} Rc7 {[%clk
00:01:27]} {[%emt 00:01:27]} 35. Qf8+ {[%clk 00:01:15]} {[%emt 00:00:28]} Rc8
{[%clk 00:01:53]} {[%emt 00:00:04]} 36. Qxg7 {[%clk 00:01:35]} {[%emt
00:00:10]} Qc2 {[%clk 00:01:09]} {[%emt 00:01:14]} 37. Rf1 {[%clk 00:01:53]}
{[%emt 00:00:12]} Kb8 {[%clk 00:00:45]} {[%emt 00:00:54]} 38. Bc5 {[%clk
00:01:54]} {[%emt 00:00:29]} Qf5 {[%clk 00:00:38]} {[%emt 00:00:37]} 39. Qd7
{[%clk 00:01:10]} {[%emt 00:01:14]} Rd8 {[%clk 00:00:39]} {[%emt 00:00:30]} 40.
Bd6+ {[%clk 00:01:08]} {[%emt 00:00:32]} Ka8 {[%clk 00:00:59]} {[%emt
00:00:10]} 41. Qc7 {[%clk 00:00:54]} {[%emt 00:00:43]} Qd3 {[%clk 00:28:31]}
{[%emt 00:02:58]} 42. a4 {[%clk 00:27:38]} {[%emt 00:03:46]} Qc4 {[%clk
00:27:47]} {[%emt 00:01:14]} 43. Bc5 {[%clk 00:22:13]} {[%emt 00:05:55]} 1-0

[Event "DEM U18w 2024"]
[Site "Willingen GER"]
[Date "2024.05.19"]
[Round "1"]
[White "Köpnick, Amanda"]
[Black "Zhou, Lepu Coco"]
[Result "0-1"]
[Termination "normal"]
[Board "2"]
[WhiteElo "1636"]
[BlackElo "2040"]
[WhiteClock "00:01:12"]
[BlackClock "00:04:40"]
[PlyCount "74"]
[WhiteFideId "34618538"]
[BlackFideId "16217136"]
[EventCountry "GER"]
[EventRounds "9"]
[EventType "swiss"]
[EventDate "2024.05.18"]

1. e4 {[%clk 01:30:58]} c6 {[%clk 01:30:55]} {[%emt 00:00:05]} 2. d4 {[%clk
01:30:57]} {[%emt 00:00:32]} d5 {[%clk 01:31:21]} {[%emt 00:00:04]} 3. e5
{[%clk 01:30:13]} {[%emt 00:01:14]} Bf5 {[%clk 01:31:45]} {[%emt 00:00:06]} 4.
Ne2 {[%clk 01:26:36]} {[%emt 00:04:07]} e6 {[%clk 01:30:57]} {[%emt 00:01:17]}
5. Ng3 {[%clk 01:24:27]} {[%emt 00:02:40]} Bg6 {[%clk 01:30:49]} {[%emt
00:00:39]} 6. Nd2 {[%clk 01:20:46]} {[%emt 00:04:10]} c5 {[%clk 01:29:40]}
{[%emt 00:01:40]} 7. dxc5 {[%clk 01:11:01]} {[%emt 00:10:15]} Bxc5 {[%clk
01:24:22]} {[%emt 00:05:47]} 8. Bb5+ {[%clk 01:08:32]} {[%emt 00:02:58]} Nc6
{[%clk 01:24:23]} {[%emt 00:00:29]} 9. O-O {[%clk 01:07:59]} {[%emt 00:01:04]}
Nge7 {[%clk 01:22:46]} {[%emt 00:02:07]} 10. Nf3 {[%clk 01:05:35]} {[%emt
00:02:54]} O-O {[%clk 01:19:57]} {[%emt 00:03:19]} 11. c3 {[%clk 01:05:20]}
{[%emt 00:00:45]} Qc7 {[%clk 01:15:16]} {[%emt 00:05:10]} 12. b4 {[%clk
00:59:12]} {[%emt 00:06:38]} Bb6 {[%clk 01:15:20]} {[%emt 00:00:26]} 13. Bf4
{[%clk 00:47:49]} {[%emt 00:11:53]} h6 {[%clk 01:06:37]} {[%emt 00:09:14]} 14.
Qd2 {[%clk 00:44:03]} {[%emt 00:04:16]} a6 {[%clk 01:04:22]} {[%emt 00:02:45]}
15. Ba4 {[%clk 00:39:22]} {[%emt 00:05:10]} Rad8 {[%clk 01:00:23]} {[%emt
00:04:30]} 16. a3 {[%clk 00:36:36]} {[%emt 00:03:16]} Qb8 {[%clk 00:58:20]}
{[%emt 00:02:33]} 17. Rfe1 {[%clk 00:32:45]} {[%emt 00:04:21]} Bc7 {[%clk
00:57:06]} {[%emt 00:01:44]} 18. Re2 {[%clk 00:28:44]} {[%emt 00:04:30]} b5
{[%clk 00:47:50]} {[%emt 00:09:46]} 19. Bb3 {[%clk 00:27:57]} {[%emt 00:01:18]}
Be4 {[%clk 00:36:34]} {[%emt 00:11:46]} 20. Nd4 {[%clk 00:23:52]} {[%emt
00:04:35]} Nxe5 {[%clk 00:28:51]} {[%emt 00:08:14]} 21. Nxe4 {[%clk 00:21:10]}
{[%emt 00:03:10]} Nf3+ {[%clk 00:21:16]} {[%emt 00:08:05]} 22. gxf3 {[%clk
00:11:47]} {[%emt 00:09:53]} Bxf4 {[%clk 00:21:39]} {[%emt 00:00:08]} 23. Qe1
{[%clk 00:10:31]} {[%emt 00:01:46]} dxe4 {[%clk 00:21:32]} {[%emt 00:00:37]}
24. Rxe4 {[%clk 00:08:40]} {[%emt 00:02:21]} Bxh2+ {[%clk 00:17:41]} {[%emt
00:04:21]} 25. Kg2 {[%clk 00:07:23]} {[%emt 00:01:47]} Bf4 {[%clk 00:17:02]}
{[%emt 00:01:09]} 26. Ra2 {[%clk 00:06:08]} {[%emt 00:01:45]} Kh8 {[%clk
00:11:57]} {[%emt 00:05:35]} 27. Rae2 {[%clk 00:04:39]} {[%emt 00:01:59]} Bd6
{[%clk 00:05:52]} {[%emt 00:06:34]} 28. Bxe6 {[%clk 00:03:51]} {[%emt
00:01:19]} fxe6 {[%clk 00:05:42]} {[%emt 00:00:40]} 29. Nxe6 {[%clk 00:04:14]}
{[%emt 00:00:07]} Ng6 {[%clk 00:04:00]} {[%emt 00:02:12]} 30. Nxf8 {[%clk
00:03:21]} {[%emt 00:01:23]} Bxf8 {[%clk 00:04:13]} {[%emt 00:00:17]} 31. Qc1
{[%clk 00:02:39]} {[%emt 00:01:12]} Bd6 {[%clk 00:04:07]} {[%emt 00:00:36]} 32.
Kg1 {[%clk 00:02:45]} {[%emt 00:00:24]} Rf8 {[%clk 00:03:37]} {[%emt 00:01:00]}
33. Qe1 {[%clk 00:02:05]} {[%emt 00:01:11]} Nf4 {[%clk 00:03:46]} {[%emt
00:00:20]} 34. R2e3 {[%clk 00:02:04]} {[%emt 00:00:31]} Qd8 {[%clk 00:04:05]}
{[%emt 00:00:11]} 35. Qf1 {[%clk 00:01:05]} {[%emt 00:01:28]} Qg5+ {[%clk
00:04:21]} {[%emt 00:00:14]} 36. Kh1 {[%clk 00:00:59]} {[%emt 00:00:37]} Qh5+
{[%clk 00:04:35]} {[%emt 00:00:16]} 37. Kg1 {[%clk 00:01:12]} {[%emt 00:00:16]}
Ne2+ {[%clk 00:04:40]} {[%emt 00:00:26]} 0-1

[Event "DEM U18w 2024"]
[Site "Willingen GER"]
[Date "2024.05.19"]
[Round "1"]
[White "Buchholz, Maja Patricia"]
[Black "Frowein, Jamie"]
[Result "1-0"]
[Termination "normal"]
[Board "3"]
[WhiteElo "2030"]
[BlackElo "1719"]
[WhiteClock "00:22:49"]
[BlackClock "00:27:08"]
[PlyCount "119"]
[WhiteFideId "16200500"]
[BlackFideId "16282949"]
[EventCountry "GER"]
[EventRounds "9"]
[EventType "swiss"]
[EventDate "2024.05.18"]

1. c4 {[%clk 01:30:55]} {[%emt 00:00:04]} c5 {[%clk 01:30:57]} {[%emt
00:00:04]} 2. g3 {[%clk 01:31:10]} {[%emt 00:00:15]} Nc6 {[%clk 01:31:11]}
{[%emt 00:00:17]} 3. Bg2 {[%clk 01:31:18]} {[%emt 00:00:21]} g6 {[%clk
01:31:28]} {[%emt 00:00:13]} 4. Nc3 {[%clk 01:30:59]} {[%emt 00:00:49]} Bg7
{[%clk 01:31:26]} {[%emt 00:00:32]} 5. Nf3 {[%clk 01:28:46]} {[%emt 00:02:43]}
Nf6 {[%clk 01:31:41]} {[%emt 00:00:15]} 6. d4 {[%clk 01:25:39]} {[%emt
00:03:38]} cxd4 {[%clk 01:31:20]} {[%emt 00:00:50]} 7. Nxd4 {[%clk 01:25:37]}
{[%emt 00:00:32]} Nxd4 {[%clk 01:31:43]} {[%emt 00:00:07]} 8. Qxd4 {[%clk
01:26:02]} {[%emt 00:00:05]} d6 {[%clk 01:29:09]} {[%emt 00:03:04]} 9. O-O
{[%clk 01:22:43]} {[%emt 00:03:49]} O-O {[%clk 01:28:58]} {[%emt 00:00:40]} 10.
Qd3 {[%clk 01:21:04]} {[%emt 00:02:10]} Rb8 {[%clk 01:25:56]} {[%emt 00:03:32]}
11. Rd1 {[%clk 01:18:36]} {[%emt 00:02:58]} Bd7 {[%clk 01:23:58]} {[%emt
00:02:29]} 12. Bf4 {[%clk 01:14:34]} {[%emt 00:04:31]} Qc8 {[%clk 01:10:23]}
{[%emt 00:14:05]} 13. Rac1 {[%clk 01:10:38]} {[%emt 00:04:26]} Qc5 {[%clk
01:05:25]} {[%emt 00:05:28]} 14. Be3 {[%clk 01:00:05]} {[%emt 00:11:03]} Qa5
{[%clk 00:57:23]} {[%emt 00:08:32]} 15. Bd2 {[%clk 00:39:13]} {[%emt 00:21:22]}
Qb6 {[%clk 00:49:50]} {[%emt 00:08:03]} 16. h3 {[%clk 00:32:29]} {[%emt
00:07:14]} Qxb2 {[%clk 00:39:53]} {[%emt 00:10:27]} 17. Rb1 {[%clk 00:23:08]}
{[%emt 00:09:51]} Qa3 {[%clk 00:37:19]} {[%emt 00:03:04]} 18. Nd5 {[%clk
00:20:04]} {[%emt 00:03:33]} Qxd3 {[%clk 00:29:31]} {[%emt 00:08:19]} 19. Nxe7+
{[%clk 00:20:29]} {[%emt 00:00:05]} Kh8 {[%clk 00:29:46]} {[%emt 00:00:15]} 20.
exd3 {[%clk 00:20:56]} {[%emt 00:00:03]} Rfe8 {[%clk 00:28:35]} {[%emt
00:01:41]} 21. Nd5 {[%clk 00:17:45]} {[%emt 00:03:41]} b6 {[%clk 00:23:48]}
{[%emt 00:05:17]} 22. Nc7 {[%clk 00:15:26]} {[%emt 00:02:48]} Re2 {[%clk
00:21:24]} {[%emt 00:02:55]} 23. Kf1 {[%clk 00:11:27]} {[%emt 00:04:29]} Re7
{[%clk 00:20:12]} {[%emt 00:01:42]} 24. Nb5 {[%clk 00:09:57]} {[%emt 00:02:00]}
Bf5 {[%clk 00:19:22]} {[%emt 00:01:20]} 25. Bb4 {[%clk 00:08:18]} {[%emt
00:02:08]} Ne8 {[%clk 00:15:49]} {[%emt 00:04:03]} 26. Nxd6 {[%clk 00:08:04]}
{[%emt 00:00:45]} Be6 {[%clk 00:12:22]} {[%emt 00:03:57]} 27. Nf5 {[%clk
00:04:46]} {[%emt 00:03:48]} Rd7 {[%clk 00:10:50]} {[%emt 00:02:02]} 28. Ne7
{[%clk 00:02:49]} {[%emt 00:02:26]} Nd6 {[%clk 00:04:44]} {[%emt 00:06:37]} 29.
Nd5 {[%clk 00:02:47]} {[%emt 00:00:31]} Bf5 {[%clk 00:03:51]} {[%emt 00:01:24]}
30. g4 {[%clk 00:02:42]} {[%emt 00:00:35]} Be6 {[%clk 00:03:31]} {[%emt
00:00:50]} 31. Nf4 {[%clk 00:01:43]} {[%emt 00:01:28]} Re8 {[%clk 00:02:46]}
{[%emt 00:01:16]} 32. Bc6 {[%emt 00:00:30]} Ree7 {[%clk 00:01:46]} {[%emt
00:01:28]} 33. Bxd7 {[%clk 00:01:50]} {[%emt 00:00:25]} Rxd7 {[%clk 00:02:11]}
{[%emt 00:00:05]} 34. Nxe6 {[%clk 00:02:02]} {[%emt 00:00:17]} fxe6 {[%clk
00:02:35]} {[%emt 00:00:07]} 35. Re1 {[%clk 00:01:22]} {[%emt 00:01:10]} e5
{[%clk 00:02:40]} {[%emt 00:00:24]} 36. Re3 {[%clk 00:01:08]} {[%emt 00:00:44]}
Nf7 {[%clk 00:01:45]} {[%emt 00:01:25]} 37. f4 {[%clk 00:01:11]} {[%emt
00:00:27]} Rd4 {[%clk 00:00:53]} {[%emt 00:01:23]} 38. fxe5 {[%clk 00:01:15]}
{[%emt 00:00:26]} Nxe5 {[%clk 00:01:05]} {[%emt 00:00:19]} 39. Bc3 {[%clk
00:00:47]} {[%emt 00:00:57]} Rf4+ {[%clk 00:01:04]} {[%emt 00:00:31]} 40. Kg2
{[%clk 00:01:01]} {[%emt 00:00:16]} Nd7 {[%clk 00:00:53]} {[%emt 00:00:41]} 41.
Bxg7+ {[%clk 00:00:45]} {[%emt 00:00:46]} Kxg7 {[%clk 00:01:15]} {[%emt
00:00:07]} 42. Re7+ {[%clk 00:01:10]} {[%emt 00:00:05]} Rf7 {[%clk 00:01:36]}
{[%emt 00:00:10]} 43. Rxf7+ {[%clk 00:01:21]} {[%emt 00:00:19]} Kxf7 {[%clk
00:01:59]} {[%emt 00:00:06]} 44. d4 {[%clk 00:01:40]} {[%emt 00:00:11]} Ke6
{[%clk 00:01:43]} {[%emt 00:00:46]} 45. Re1+ {[%clk 00:01:36]} {[%emt
00:00:34]} Kd6 {[%clk 00:01:53]} {[%emt 00:00:20]} 46. a4 {[%clk 00:01:11]}
{[%emt 00:00:55]} Nb8 {[%clk 00:00:36]} {[%emt 00:01:48]} 47. Kf3 {[%clk
00:01:30]} {[%emt 00:00:10]} Nc6 {[%clk 00:00:38]} {[%emt 00:00:28]} 48. Ke3
{[%clk 00:01:17]} {[%emt 00:00:43]} Nb4 {[%clk 00:00:43]} {[%emt 00:00:26]} 49.
Kd2 {[%clk 00:01:30]} {[%emt 00:00:16]} Kd7 {[%clk 00:00:33]} {[%emt 00:00:41]}
50. Kc3 {[%clk 00:01:13]} {[%emt 00:00:47]} Na6 {[%clk 00:30:29]} {[%emt
00:00:33]} 51. Re4 {[%clk 00:31:10]} {[%emt 00:00:33]} Nc7 {[%clk 00:30:24]}
{[%emt 00:00:36]} 52. g5 {[%clk 00:30:12]} {[%emt 00:01:28]} Ne6 {[%clk
00:30:18]} {[%emt 00:00:35]} 53. Rxe6 {[%clk 00:22:27]} {[%emt 00:08:16]} Kxe6
{[%clk 00:30:32]} {[%emt 00:00:17]} 54. d5+ {[%clk 00:21:23]} {[%emt 00:01:33]}
Ke5 {[%clk 00:28:25]} {[%emt 00:02:36]} 55. Kb4 {[%clk 00:21:19]} {[%emt
00:00:34]} a6 {[%clk 00:27:15]} {[%emt 00:01:41]} 56. a5 {[%clk 00:21:26]}
{[%emt 00:00:23]} bxa5+ {[%clk 00:26:26]} {[%emt 00:01:18]} 57. Kxa5 {[%clk
00:21:41]} {[%emt 00:00:15]} Kd6 {[%clk 00:26:42]} {[%emt 00:00:14]} 58. Kxa6
{[%clk 00:22:06]} {[%emt 00:00:06]} Kc5 {[%clk 00:26:45]} {[%emt 00:00:27]} 59.
Kb7 {[%clk 00:22:29]} {[%emt 00:00:07]} Kd6 {[%clk 00:27:08]} {[%emt 00:00:07]}
60. Kb6 {[%clk 00:22:49]} {[%emt 00:00:09]} 1-0

[Event "DEM U18w 2024"]
[Site "Willingen GER"]
[Date "2024.05.19"]
[Round "1"]
[White "Kanno, Clara Yumi"]
[Black "Voigt, Anastasia"]
[Result "0-1"]
[Termination "normal"]
[Board "4"]
[WhiteElo "1736"]
[BlackElo "1992"]
[WhiteClock "00:15:08"]
[BlackClock "00:26:31"]
[PlyCount "62"]
[WhiteFideId "16259661"]
[BlackFideId "16235223"]
[EventCountry "GER"]
[EventRounds "9"]
[EventType "swiss"]
[EventDate "2024.05.18"]

1. d4 {[%clk 01:30:57]} {[%emt 00:00:02]} d5 {[%clk 01:30:55]} {[%emt
00:00:05]} 2. Bf4 {[%clk 01:31:19]} {[%emt 00:00:08]} Nf6 {[%clk 01:31:17]}
{[%emt 00:00:09]} 3. e3 {[%clk 01:31:39]} {[%emt 00:00:11]} e6 {[%clk
01:31:42]} {[%emt 00:00:04]} 4. c3 {[%clk 01:31:42]} {[%emt 00:00:27]} Bd6
{[%clk 01:31:44]} {[%emt 00:00:28]} 5. Bg3 {[%clk 01:31:08]} {[%emt 00:01:04]}
O-O {[%clk 01:31:53]} {[%emt 00:00:21]} 6. Nd2 {[%clk 01:29:57]} {[%emt
00:01:41]} c5 {[%clk 01:32:03]} {[%emt 00:00:20]} 7. Bd3 {[%clk 01:28:56]}
{[%emt 00:01:32]} Qc7 {[%clk 01:31:44]} {[%emt 00:00:47]} 8. Ngf3 {[%clk
01:26:26]} {[%emt 00:03:00]} Nbd7 {[%clk 01:32:08]} {[%emt 00:00:07]} 9. e4
{[%clk 01:23:43]} {[%emt 00:03:12]} dxe4 {[%clk 01:28:44]} {[%emt 00:03:55]}
10. Nxe4 {[%clk 01:20:04]} {[%emt 00:04:10]} Nxe4 {[%clk 01:28:39]} {[%emt
00:00:34]} 11. Bxe4 {[%clk 01:20:14]} {[%emt 00:00:19]} Nf6 {[%clk 01:23:38]}
{[%emt 00:05:32]} 12. Bd3 {[%clk 01:17:13]} {[%emt 00:03:31]} b6 {[%clk
01:21:45]} {[%emt 00:02:23]} 13. dxc5 {[%clk 01:02:21]} {[%emt 00:15:22]} Bxg3
{[%clk 01:21:35]} {[%emt 00:00:40]} 14. hxg3 {[%clk 01:02:27]} {[%emt
00:00:24]} Qxc5 {[%clk 01:21:09]} {[%emt 00:00:56]} 15. Qc2 {[%clk 01:00:06]}
{[%emt 00:02:51]} g6 {[%clk 01:19:07]} {[%emt 00:02:32]} 16. Rh4 {[%clk
00:54:12]} {[%emt 00:06:24]} Bb7 {[%clk 01:16:00]} {[%emt 00:03:37]} 17. Rc4
{[%clk 00:50:39]} {[%emt 00:04:03]} Qe7 {[%clk 01:14:12]} {[%emt 00:02:17]} 18.
Be2 {[%clk 00:45:56]} {[%emt 00:05:14]} e5 {[%clk 01:12:39]} {[%emt 00:02:02]}
19. Kf1 {[%clk 00:41:53]} {[%emt 00:04:34]} e4 {[%clk 01:07:08]} {[%emt
00:06:01]} 20. Nd4 {[%clk 00:36:15]} {[%emt 00:06:09]} Bd5 {[%clk 01:05:27]}
{[%emt 00:02:05]} 21. Rb4 {[%clk 00:35:35]} {[%emt 00:01:15]} e3 {[%clk
01:04:33]} {[%emt 00:01:23]} 22. fxe3 {[%clk 00:33:50]} {[%emt 00:02:15]} Qxe3
{[%clk 01:03:53]} {[%emt 00:01:10]} 23. Qd3 {[%clk 00:34:02]} {[%emt 00:00:18]}
Qg5 {[%clk 00:59:20]} {[%emt 00:05:02]} 24. Nf3 {[%clk 00:32:35]} {[%emt
00:01:59]} Qxg3 {[%clk 00:54:54]} {[%emt 00:04:56]} 25. Ne1 {[%clk 00:27:59]}
{[%emt 00:05:06]} Qe5 {[%clk 00:48:31]} {[%emt 00:06:50]} 26. Bf3 {[%clk
00:26:01]} {[%emt 00:02:30]} Rad8 {[%clk 00:47:07]} {[%emt 00:01:52]} 27. Rb5
{[%clk 00:22:26]} {[%emt 00:04:00]} Qf4 {[%clk 00:44:34]} {[%emt 00:03:10]} 28.
Rb4 {[%clk 00:21:27]} {[%emt 00:01:30]} Qc7 {[%clk 00:39:41]} {[%emt 00:05:21]}
29. Rd4 {[%clk 00:20:08]} {[%emt 00:01:51]} Be6 {[%clk 00:34:30]} {[%emt
00:05:40]} 30. Nc2 {[%clk 00:18:04]} {[%emt 00:02:34]} Bf5 {[%clk 00:26:54]}
{[%emt 00:08:06]} 31. Qe3 {[%clk 00:15:08]} {[%emt 00:03:26]} Bxc2 {[%clk
00:26:31]} {[%emt 00:00:54]} 0-1